000 00462nam a22001817a 4500
003 OSt
008 200710b ||||| |||| 00| 0 eng d
020 _a9789351643418
082 _a547 JAP
100 _aJain, Kishor.S
245 _aPharmaceutical Organic Chemistry: Sem 3 & 4
250 _a2019
260 _aN Delhi
_bNirali Prakashan
_c2019
300 _a9.8
650 _aPharmaceutical Organic Chemisty
700 _aManiyar, Pankaj.B
942 _2ddc
_cBK
999 _c8780
_d8780